000 00663nam a2200205 a 4500
001 000049111
003 DO-SdBNP
005 20230125125126.0
007 ta
008 190719s2004 dr r 000 0 spa d
040 _aDO-SdBNP
_bspa
_cBNPHU
082 _axxxx
_bR789n
_222
110 _aRepública Dominicana. [Leyes, etc.
_911088
245 1 0 _aNueva ley de migración No. 285-04 incluye comentarios y notas explicativas /
_cJuan Manuel Rosario.
260 _aSanto Domingo :
_bEdiciones Jurídicas Trajano Potentini
_bLibrería Jurídica Virtual,
_c2004.
300 _a88 p. ;
_c21 cm.
590 _aInventariado, 2019/BT
910 _aBT
942 _2ddc
_cLBS1
999 _c48599
_d48599